The military origins of industrialisation and international trade rivalry / (Record no. 542086)
[ view plain ]
| 000 -LEADER | |
|---|---|
| fixed length control field | 00623cam a2200193 a 4500 |
| 020 ## - INTERNATIONAL STANDARD BOOK NUMBER | |
| International Standard Book Number | 0861873572 |
| 082 0# - DEWEY DECIMAL CLASSIFICATION NUMBER | |
| Classification number | 382/.3 |
| Author Mark | SEN |
| -- | D |
| 100 1# - MAIN ENTRY--PERSONAL NAME | |
| Personal name | Sen, Gautam, |
| 9 (RLIN) | 37181 |
| 245 14 - TITLE STATEMENT | |
| Title | The military origins of industrialisation and international trade rivalry / |
| Statement of responsibility, etc. | Gautam Sen. |
| 260 ## - PUBLICATION, DISTRIBUTION, ETC. | |
| Place of publication, distribution, etc. | London : |
| Name of publisher, distributor, etc. | Frances Pinter, |
| Date of publication, distribution, etc. | 1984. |
| 300 ## - PHYSICAL DESCRIPTION | |
| Extent | 277 p. : |
| Other physical details | ill ; |
| Dimensions | 24 cm. |
| 500 ## - GENERAL NOTE | |
| General note | Includes index. |
| 526 ## - STUDY PROGRAM INFORMATION NOTE | |
| Program name | 0 |
| Interest level | 0 |
| Reading level | 0 |
| Title point value | 382_300000000000000_SEN |
| 526 ## - STUDY PROGRAM INFORMATION NOTE | |
| Program name | 0 |
| Interest level | 0 |
| Reading level | 0 |
| Title point value | 382_300000000000000_SEN |
| 650 #0 - SUBJECT ADDED ENTRY--TOPICAL TERM | |
| Topical term or geographic name entry element | Commercial policy. |
| 9 (RLIN) | 37182 |
| 650 #0 - SUBJECT ADDED ENTRY--TOPICAL TERM | |
| Topical term or geographic name entry element | Industrialization. |
| 9 (RLIN) | 37183 |
| 650 #0 - SUBJECT ADDED ENTRY--TOPICAL TERM | |
| Topical term or geographic name entry element | Military policy. |
| 9 (RLIN) | 37184 |
| 942 ## - ADDED ENTRY ELEMENTS (KOHA) | |
| Source of classification or shelving scheme | |
| Koha item type | Book |
| Withdrawn status | Lost status | Source of classification or shelving scheme | Damaged status | Not for loan | Permanent Location | Current Location | Date acquired | Total Checkouts | Full call number | Barcode | Date last seen | Copy number | Price effective from | Koha item type |
|---|---|---|---|---|---|---|---|---|---|---|---|---|---|---|
| Military College of Engineering (MCE) | Military College of Engineering (MCE) | 09/19/2013 | 382/.3 SEN | MCE-34622 | 09/19/2013 | 1 | 09/19/2013 | Book | ||||||
| Military College of Engineering (MCE) | Military College of Engineering (MCE) | 09/19/2013 | 382/.3 SEN | MCE-34618 | 09/19/2013 | 2 | 09/19/2013 | Book |
